Le gouvernement congressionnel : (Record no. 167940)

MARC details
000 -LEADER
campo de control de longitud fija 00922nam a22002175i 4500
001 - NÚMERO DE CONTROL
campo de control 167940
003 - IDENTIFICADOR DE NÚMERO DE CONTROL
campo de control ES-MaACL
005 - FECHA Y HORA DE LA ÚLTIMA TRANSACCIÓN
campo de control 20250916205417.0
008 - DATOS DE LONGITUD FIJA--INFORMACIÓN GENERAL
campo de control de longitud fija 991111s1900 fr |||| | fre d
100 1# - ENTRADA PRINCIPAL--NOMBRE DE PERSONA
Nombre de persona Wilson, Woodrow.
9 (RLIN) 117049
245 13 - MENCIÓN DEL TÍTULO
Título Le gouvernement congressionnel :
Resto del título étude sur la politique amèricaine /
Mención de responsabilidad, etc. par Woodrow Wilson ; traduit sur la 13e edition amèricaine revue par l'auteur ; avec une prèface de M. Henri Wallon.
260 ## - PUBLICACIÓN, DISTRIBUCIÓN, ETC.
Lugar de publicación, distribución, etc. Paris :
Nombre del editor, distribuidor, etc. V. Giard & E. Briere,
Fecha de publicación, distribución, etc. 1900.
300 ## - DESCRIPCIÓN FÍSICA
Extensión XXXI, 372 p. ;
Dimensiones 18 cm.
490 1# - MENCIÓN DE SERIE
Mención de serie Bibliotheque internationale de droit public
650 #4 - PUNTO DE ACCESO ADICIONAL DE MATERIA--TÉRMINO DE MATERIA
Término de materia o nombre geográfico como elemento de entrada Gobierno representativo-
Subdivisión geográfica Estados Unidos.
9 (RLIN) 172075
651 #4 - PUNTO DE ACCESO ADICIONAL DE MATERIA--NOMBRE GEOGRÁFICO
Nombre geográfico Estados Unidos-
Subdivisión general Política y gobierno-
Subdivisión cronológica S.XIX.
9 (RLIN) 172072
700 1# - ENTRADA AGREGADA--NOMBRE PERSONAL
Nombre de persona Wallon, Henri,
Fechas asociadas al nombre 1812-1904
9 (RLIN) 152274
830 1# - PUNTO DE ACCESO ADICIONAL DE SERIE-TÍTULO UNIFORME
Título uniforme Bibliotheque internationale de droit public
9 (RLIN) 180878
852 ## - LOCALIZACIÓN
Ubicación ES-MaACL
Número de control de estantería D-1248
Nota libre - Enc. tela
Holdings
Estatus retirado Estado de pérdida Estado de daño No para préstamo Colección Biblioteca de origen Biblioteca actual Ubicación en estantería Fecha de adquisición Fuente de adquisición Total de préstamos Signatura topográfica completa Código de barras Visto por última vez Precio de reemplazo Tipo de ítem Koha
        Libros del s. XIX Biblioteca del Ateneo de Madrid Biblioteca del Ateneo de Madrid Sala Valle Inclán 17/01/2008     D-1248 901176188 23/02/2023 23/02/2023 Libro impreso antiguo